The Rights of Women in The Criminal Justice System of Bangladesh / (Record no. 79598)
[ view plain ]
| 000 -LEADER | |
|---|---|
| fixed length control field | 01162nam a2200289 a 4500 |
| 001 - CONTROL NUMBER | |
| RUCL Control Number | 79598 |
| 003 - CONTROL NUMBER IDENTIFIER | |
| rucl marc code | BD-RjUL |
| 005 - DATE AND TIME OF LATEST TRANSACTION | |
| control field | 20220726144945.0 |
| 008 - FIXED-LENGTH DATA ELEMENTS--GENERAL INFORMATION | |
| fixed length control field | 220322s2011 bg a|||| m||| 00| 0 eng d |
| 035 ## - SYSTEM CONTROL NUMBER | |
| system control number | (BD-RjUL)79598 |
| 040 ## - CATALOGING SOURCE | |
| Original cataloging agency | BD-RjUL |
| Language of cataloging | eng |
| Transcribing agency | BD-RjUL |
| Modifying agency | BD-RjUL |
| 041 ## - LANGUAGE CODE | |
| Language code of Book | eng |
| 082 ## - DEWEY DECIMAL CLASSIFICATION NUMBER | |
| Classification number | 323.34 |
| Author mark and Year | MIR 2011 |
| DDC Edition number | 23 |
| 100 ## - MAIN ENTRY--PERSONAL NAME | |
| Personal name | Mia, Md. Abdur Rahim |
| 9 (RLIN) | 1978 |
| 245 01 - TITLE STATEMENT | |
| Title | The Rights of Women in The Criminal Justice System of Bangladesh / |
| Statement of responsibility, etc | By Md. Abdur Rahim Mia ; |
| Name of Supervisor/Co-Supervisor | Supervisor: Begum Asma Siddiqua |
| 260 ## - PUBLICATION, DISTRIBUTION, ETC. (IMPRINT) | |
| Place of publication, distribution, etc | Rajshahi : |
| Name of publisher, distributor, etc | Department of Law & Justice, Rajshahi University, |
| Date of publication, distribution, etc | 2011 |
| 300 ## - PHYSICAL DESCRIPTION | |
| Pagination | xxii, 352 Leaves : |
| Other physical details | ill. ; |
| Dimensions | 29 cm. |
| 502 ## - DISSERTATION NOTE | |
| Dissertation note | Thesis (Ph. D.) -- Department of Law & Justice, Rajshahi University, 2011 |
| 504 ## - BIBLIOGRAPHY, ETC. NOTE | |
| Bibliography, etc | Bibliography : Leaves 308-326 |
| 600 ## - SUBJECT ADDED ENTRY--PERSONAL NAME | |
| Chronological subdivision | |
| -- | 4139 |
| 650 ## - SUBJECT ADDED ENTRY--TOPICAL TERM | |
| Topical term or geographic name as entry element | Women |
| General subdivision | Violence against |
| Geographic subdivision | Bangladesh. |
| 9 (RLIN) | 3864 |
| Topical term or geographic name as entry element | Sex discrimination in criminal justice administration |
| Geographic subdivision | Bangladesh. |
| 9 (RLIN) | 3865 |
| Topical term or geographic name as entry element | Women's rights |
| Geographic subdivision | Bangladesh. |
| 9 (RLIN) | 3866 |
| Topical term or geographic name as entry element | Criminal justice, Administration of |
| Geographic subdivision | Bangladesh |
| 9 (RLIN) | 3173 |
| 700 ## - ADDED ENTRY--SUPERVISOR/CO-SUPERVISOR NAME | |
| Personal name | Siddiqua, Begum Asma, Supervisor |
| 9 (RLIN) | 1919 |
| 942 ## - ADDED ENTRY ELEMENTS (KOHA) | |
| Source of classification or shelving scheme | Dewey Decimal Classification |
| Koha item type | Theses |
| Source of classification or shelving scheme | Damaged status | Not for loan | Collection code | Permanent Location | Current Location | Shelving location | Date of accession | Source of acquisition | Full call number | Barcode | Date last seen | Copy number | Thesis |
|---|---|---|---|---|---|---|---|---|---|---|---|---|---|
| Dewey Decimal Classification | Not For Loan | Theses | Central Library, University of Rajshahi | Central Library, University of Rajshahi | Documentation Section | 12/11/2012 | Controller of Exam., R.U | THE 323.34 MIR 2011 | D3399 | 22/03/2022 | C-1 | Theses |